Statistics for James Bond Villains

Click here to take the quiz!

General Stats

  • This quiz has been taken 61 times
    (20 since last reset)
  • The average score is 5 of 12

Answer Stats

HintAnswer% Correct
His last flight really sucked.Auric Goldfinger
84%
Thunderball/You Only Live Twice/On Her Majesty's Secret Service/Diamonds Are Forever.Ernst Stavro Blofeld
79%
Alligators. Sharks. Voodoo.Doctor Kananga/Mister Big
53%
Beiruti exotic dancer with interesting navel ornament. RMS Queen Elizabeth wreck. Khao Phing Kan. Ko Ta Pu. Pain in the (red) neck Louisianian law enforcement representative on vacation.Francisco Scaramanga
47%
Eye-patch. Carribean.Emilio Largo
42%
Hydroelectric dam - bungee jump.Two-faced Roman god. Armoured train.Alec Trevelyan/Janus
37%
Randolph Hearst. Rupert Murdoch. Robert Maxwell.Elliot Carver
37%
Eiffel Tower - BASE jump. Shotgun loaded with rock salt. Nazi genetics. Airship.Max Zorin
37%
Obedient dogs. Rio de Janeiro.Hugo Drax
26%
Pretty helicopter pilot with homicidal intent. Webbed fingers. Some sharks get a taste of their own medicine.Karl Stromberg
26%
Istanbul. Orient Express.Red Grant
26%
Central America. Electric eels. Malfunctioning lighter.Franz Sanchez
21%

Score Distribution

Percentile by Number Answered

Percent of People with Each Score

Your Score History

You have not taken this quiz since the last reset